000 01714cam a2200133 4500500
005 20251214002642.0
041 _afre
042 _adc
100 1 0 _aCoulet, Henri
_eauthor
245 0 0 _aLe Roman jusqu'à la Révolution
260 _bArmand Colin,
_c2014.
520 _aUne histoire générale du roman français des origines à la Révolution a longtemps fait défaut : du moins jusqu’en 1967 quand Henri Coulet répondit à ce manque avec la parution de cet ouvrage qui connut depuis neuf nouvelles éditions. L’auteur permit ainsi à de nombreuses générations d’étudiants et d’amateurs de connaître ou de mieux apprécier Nicolas de Troyes, Helisenne de Crenne, Honoré d’Urfé, Sorel, Gomberville, Segrais, Courtilz de Sandras, Marivaux, Prévost, Crébillon, Marmontel, Restif de la Bretonne et beaucoup d’autres encore… Dans une perspective historique, l’auteur déploie, du XIIe siècle au XVIIIe les différentes phases du roman avec une attention particulière aux romans du XVIIIe auxquels il ne consacre pas moins de trois chapitres. Au fil de ce panorama, à l’intérieur d’un courant ou au cœur d’une période, Henri Coulet s’attache aussi à définir et représenter les sous-genres, comme par exemple le roman héroïque, sentimental, les histoires tragiques, etc., en les inscrivant dans les poétiques et pratiques sociales particulières de leurs temps. L’ouvrage est enrichi d’un index des œuvres romanesques et des noms d’auteurs, précieux donc pour l’étudiant à la recherche d’une œuvre ou d’un auteur précis.
856 4 1 _uhttps://shs.cairn.info/le-roman-jusqu-a-la-revolution--9782200291549?lang=fr&redirect-ssocas=7080
999 _c1567287
_d1567287